Wende der Weltwirtschaft

Uložené v:
Podrobná bibliografia
Médium: Kniha
Jazyk:German
Vydavateľské údaje: Leipzig Wilhelm Goldman 1939
Tagy: Pridať tag
Žiadne tagy, Buďte prvý, kto otaguje tento záznam!

MARC

LEADER 00000nam a2200000 4500
001 0268653
005 20240822101712.4
041 0 |a ger 
044 |a DE 
245 1 0 |a Wende der Weltwirtschaft  |c Ferdinand Fried 
264 1 |a Leipzig  |b Wilhelm Goldman  |c 1939